|
|
|
|
| LEADER |
00854nam a22002172a 4500 |
| 001 |
001705995 |
| 003 |
CZ BrMZK |
| 005 |
20240105105803.0 |
| 007 |
ta |
| 008 |
190910s1949 it er|||||||||||ita d |
| 040 |
|
|
|a BOA001
|b cze
|e aacr2
|
| 100 |
1 |
|
|a Polli, Silvio,
|d 1904-1990
|7 mzk20241212267
|4 aut
|
| 245 |
1 |
0 |
|a Livelli marini eccezionali registrati a Trieste, Grado, Marano, Venezia e Porto Marghers /
|c Silvio Polli
|
| 260 |
|
|
|a Udine :
|b [s.n.],
|c 1949
|
| 300 |
|
|
|a 11 s.
|
| 490 |
1 |
|
|a Pubblicazioni delle Facoltà di scienze e d'ingegneria dell'Università di Trieste. Serie B ;
|v 48
|
| 830 |
|
0 |
|a Pubblicazioni delle Facoltà di scienze e d'ingegneria dell'Università di Trieste.
|n Serie B
|
| 910 |
|
|
|a BOA001
|b X-0260.906
|
| 990 |
|
|
|a BK
|
| 991 |
|
|
|b 201909
|
| 996 |
7 |
|
|b 2618813272
|c X-0260.906
|l MZK
|r Sklad / do 24 hodin
|n 0
|w 001753685
|u 000010
|a 1
|e BOA001
|j MZK50
|s A
|